01272nam a2200289 a 450000100100000000500170001000800410002702000180006804000250008608200170011110000390012824501270016726000270029430000200032150000210034150400560036259000260041865000190044465000240046370000310048770000370051891000300055595201300058595201230071595201290083899900150096700000183820260114124842.0090629s2007 dr 000 0 spa d a9789945860900 aDO-SdBNPbspacBNPHU a248.32bJ58o1 aJesús, F. Benito ded1961-9598713aLa oración que conquista todo /cJesús de Benito; edición y diagramación Iván La Hoz; prólogo Juan A. Rosario. a[S.l. :bs.n.],c2007. a186 p. ;c21cm. aIncluye índice aIncluye datos biográficos del autor en la solapa. aInventariado, 2018/BT 4aOración9270 0aMeditaciones 959881 aHoz, Iván La,eed.959891 aRosario, Juan A.,epról.95990 aJornada de catalogación 001054708DSaGRbGRcHDd2009-06-29iLF1l0o248.32 J585op1838-30r2020-06-25te. 3w2020-06-25yLFDSZPréstamo en sala 0010718PDaPDbPDcHDd2009-06-29e000260iLF1l0o248.32 J585op1838-10r2020-06-25w2020-06-25yLFPDZNo se presta 0010718PDaPDbPDcHDd2009-06-29e000261iLF1l0o248.32 J585op1838-20r2020-06-25te. 2w2020-06-25yLFPDZNo se presta c1715d1715